Welcome to the Holygrace Academy Library

Please use search bar below to get started

MY LITTLE BOOK OF GRAMMAR (Record no. 2207)

MARC details
000 -LEADER
fixed length control field 00390nam a22001577a 4500
020 ## - INTERNATIONAL STANDARD BOOK NUMBER
ISBN 81-8022-093-3
082 ## - DEWEY DECIMAL CLASSIFICATION NUMBER
Classification number 823
Item number PRI/M
100 ## - MAIN ENTRY--AUTHOR NAME
Personal name PRIORITY PUBLICATIONS
245 ## - TITLE STATEMENT
Title MY LITTLE BOOK OF GRAMMAR
Remainder of title ADVERB
246 ## - VARYING FORM OF TITLE
Title proper/short title MY LITTLE BOOK OF GRAMMAR
Remainder of title ADVERB
260 ## - PUBLICATION, DISTRIBUTION, ETC. (IMPRINT)
Place of publication INDIA
Name of publisher PRIORITY PUBLICATIONS
300 ## - PHYSICAL DESCRIPTION
Number of Pages 12
520 ## - SUMMARY, ETC.
Summary, etc GRAMMAR BOOK
650 ## - SUBJECT ADDED ENTRY--TOPICAL TERM
Topical Term GRAMMAR BOOK
942 ## - ADDED ENTRY ELEMENTS (KOHA)
Koha item type Books
Holdings
Withdrawn status Lost status Collection code Home library Current library Shelving location Date acquired Source of acquisition Cost, normal purchase price Full call number Accession Number Koha item type
    Fiction Main Library Main Library SHELF 15A- T SECTIO NOVELS& FICTION & LEAFLET BOOKS 20/05/2010 Purchase 128.00 823 PRI/M 05236 Books